Partidos políticos de España - ¡Muerte súbita! - Estadísticas

Estadísticas generales
  • Esta prueba ha sido intentada 3.746 veces
  • La puntuación promedio es 10 de 18
Answers on the Grid
Answers color-coded by a green-red scale on the quiz's grid according to % correct below.
Agrupación Independiente de la Graciosa
Alternativa Jove de Catalunya
Bloque Nacionalista Galego
Catalunya en Comú
Chunta Aragonesista
Ciudadanos-Partido de la Ciudadanía
Demócratas Progresistas
Esquerra Republicana de Catalunya
Euskadi Ta Askatasuna
Iniciativa del Poble Valencià
Juntos y Unidos
Junts per Catalunya
Más Madrid
Més per Mallorca
Més-Compromís
Movimiento Andaluz Progresista
Movimiento Sumar
Partido de los Socialistas de Cataluña
Partido Justicialista
Partido Nacionalista Vasco
Partido Popular
Partido Revolucionario de los Trabajadores
Partido Socialista Obrero Español
Podemos
Unión del Pueblo Navarro
Unión Extremeña
Vox
 
Estadísticas de respuestas
Respuesta % Correcto
Vox
81%
Partido Popular
79%
Podemos
79%
Junts per Catalunya
71%
Más Madrid
70%
Partido Socialista Obrero Español
68%
Esquerra Republicana de Catalunya
66%
Partido Nacionalista Vasco
62%
Bloque Nacionalista Galego
61%
Movimiento Sumar
59%
Ciudadanos-Partido de la Ciudadanía
47%
Chunta Aragonesista
41%
Unión del Pueblo Navarro
41%
Més-Compromís
40%
Catalunya en Comú
36%
Partido de los Socialistas de Cataluña
31%
Més per Mallorca
22%
Iniciativa del Poble Valencià
13%
No se encontraron pruebas coincidentes
Distribución de puntuación
Porcentaje de gente con cada puntuación
Porcentaje por número respondido
Historial de tus puntuaciones
No has intentado esta prueba.